000 00540nam a2200097Ia 4500
008 170517s9999 xx 000 0 und d
245 _aMetal: A Headbanger’s Journey
300 _aMetal: A Headbanger's Journey is a 2005 documentary directed by Sam Dunn with Scot McFadyen and Jessica Wise. The film follows 31-year-old Sam Dunn, a Canadian anthropologist, who has been a heavy metal fan since the age of 12. He sets out across the world to uncover...
650 _xArt.
856 _uhttp://topdocumentaryfilms.com/metal-headbangers-journey/
999 _c333164
_d333164